| 000 | 01910cam a22004574i 4500 | ||
|---|---|---|---|
| 003 | PE-LiUPU | ||
| 005 | 20250731180126.0 | ||
| 008 | 150625s r 000 0 d | ||
| 035 | _a(Sirsi) a31280 | ||
| 040 |
_aPE-LiUPU _bspa _cPE-LiUPU _erda |
||
| 082 | 0 | 4 |
_a574.13 _bB81 _221 |
| 100 | 1 |
_aBraier, Leonardo Oscar, _eautor. |
|
| 245 | 1 | 0 | _aFisiopatologia y Clinica de la Nutricion. |
| 264 | 1 |
_aBuenos Aires : _bPanamericana, _c1988. |
|
| 300 |
_a718 páginas : _bilustraciones, diágramas ; _c23 cm. |
||
| 336 |
_atext _2rdacontent |
||
| 337 |
_aunmediated _2rdamedia |
||
| 338 |
_avolume _2rdacarrier |
||
| 505 | 0 | _aDiabetes sacarina.concepto. -clínica de la diabetes. -el coma diabético. -complicaciones de la diabetes. -tratamiento de la diabetes. -diabetes y embarazo. -hipoglucemias. -obesidad. -tratamiento de la obesidad. -lipoproteínas. -glándulas endrocrinas y nutrición. -el riñón. -insuficiencia renal crónica. -sepsis,traumatismo,quemaduras cáncer.el medio interno. -aparato cardiovascular y nutrición. -aterosclerosis. -aparato respiratorio y nutrición. -hematopoyesis y nutricón. -sistema nervioso y nutrición. -nutrición y cirujía. | |
| 526 | _aSEG44 | ||
| 526 | _aSEG26 | ||
| 526 | _aP159 | ||
| 526 | _aP155 | ||
| 526 | _aP154 | ||
| 526 | _aP153 | ||
| 526 | _aP150 | ||
| 526 | _aP100 | ||
| 526 | _aP31 | ||
| 526 | _aP30 | ||
| 526 | _aP26 | ||
| 526 | _aP25 | ||
| 526 | _aP24 | ||
| 526 | _aP22 | ||
| 526 | _aP15 | ||
| 526 | _aP10 | ||
| 942 |
_2ddc _cBOOK |
||
| 949 |
_a574.13 B81 _wDEWEY _c1 _i31046 _lCCODEBUL1 _mBUL _p00.00 _r0 _sY _tBOOK _u2015-06-25 _xBIBLIOTECA _zUNKNOWN _0COMPRA _o.STAFF. Colección General |
||
| 596 | _a1 | ||
| 999 |
_a574.13 B81 _wDEWEY _c38817 _i31046 _d38817 _f2021-11-5 _g5 _lCCODEBUL1 _mBUL _q1 _r0 _sY _tBOOK _u2015-6-25 _xBIBLIOTECA _zUNKNOWN _0COMPRA _o.STAFF. Colección General |
||
| 980 |
_81 _gALBERTO SANCHEZ Responsable de Automatización |
||